000 01274nam a2200313Ia 4500
001 ebr10146879
003 CaPaEBR
006 m u
007 cr cn|||||||||
008 910131s1991 bccab sb 001 0 eng d
010 _z 91091143
020 _z9780774804318
020 _z0774803800 :
040 _aCaPaEBR
_cCaPaEBR
035 _a(OCoLC)144145319
050 1 4 _aHQ1031
_b.R52 1991eb
100 1 _aRichard, Madeline A.
245 1 0 _aEthnic groups and marital choices
_h[electronic resource] :
_bethnic history and marital assimilation in Canada, 1871 and 1971 /
_cMadeline A. Richard.
260 _aVancouver :
_bUniversity of British Columbia Press,
_cc1991.
300 _axi, 189 p. :
_bill., maps.
500 _aIncludes indexes.
504 _aIncludes bibliographical references: p. [169]-179.
533 _aElectronic reproduction.
_bPalo Alto, Calif. :
_cebrary,
_d2008.
_nAvailable via World Wide Web.
_nAccess may be limited to ebrary affiliated libraries.
650 0 _aIntermarriage
_zCanada.
650 0 _aAssimilation (Sociology)
655 7 _aElectronic books.
_2local
710 2 _aebrary, Inc.
856 4 0 _uhttp://site.ebrary.com/lib/rucke/Doc?id=10146879
_zAn electronic book accessible through the World Wide Web; click to view
999 _c190701
_d190701